01905nam a2200241Ia 4500001000600000003000900006008004100015040001300056040001300069041001300082100001800095100002900113245004800142245004800190250001100238260001100249260001600260260004900276300005600325500123100381650002001612650003101632G6461IT-RoPAU130308s9999 xx 000 0 und d aIT-RoPAU cIT-RoPAU aITALIANO aMiceli Sergio gCodice Aut. SPICS: 12877 aMusica e cinema nella cultura del Novecento bMusica e Cinema nella Cultura del Novecento a2a ed. aMILANO bRCS Editore c2000 [1° Ed.:1982 - Ed.Ling.Originale:1982] a"556 p. (prefazione: 16; testo: 540 [pagine: 0-0])" a"Prima Edizione con Il Titolo: ""La Musica nel Film. Arte e Artigianato"" dell'Editrice Discanto. Nuova Edizione con Qualche Aggiornamento. Musica nel Cinema Muto: Dalle Origini al Theatre Optique di Reynaud; Riproduzione meccanica del Suono e del Movimento; I Fratelli Lumiere; Il Ragtime; Nescita Delfilm a Soggetto e Sue Implicanze Musicali; Manuali e Repertori, Verso la codifica dell'Accompagnamento; Letteratura e Musica nel Cinema Italiano Anni10; Musica e Avanguardie Storiche Verso Il Cinema; Canudo e I Cineasti; Coerenza di Erik Satie; Ballet mecanique e ragioni del Silenzio; Cinema sovietico Verso L'Unità delle Arti. Sonoro Dalle teorie Alla Prassi: Avvento del Sonoro; Asincronismo e Straniamento; Schonberg, Berg e Il Cinema; Ejzenstejn Prokof'Ev. tendenze Ermeneutiche nella Musica per Film: Recuperi, restauri e Post Sonorizzazioni; Acciaio di Ruttmann e Malipiero; Aleksandr Nevskij: rinascita e Trasfigurazione di un Capolavoro; Analisi della Musica nel Film. Sodalizio Rota Fellini: profilo di nino Rota: Dalla Radiogenia al Cinema; Fellini e la Musica Come Personaggio. Appendice: Il Musicista nel Cinema del Secondo Novecento: Colloqui con nino Rota, Ennio Morricone e Franco Piersanti. Bibliografia." aGENERI MUSICALI eCodice materia Spics: 7010